RICS to revamp standards in back to basics campaign (Record no. 75746)

MARC details
000 -LEADER
fixed length control field 00883cab a2200169 4500
001 - CONTROL NUMBER
control field L130633
008 - FIXED-LENGTH DATA ELEMENTS--GENERAL INFORMATION
fixed length control field 050819n2005 000 0 eng u
035 ## - SYSTEM CONTROL NUMBER
System control number (Sirsi) u130633
041 ## - LANGUAGE CODE
Language code of text/sound track or separate title eng
245 ## - TITLE STATEMENT
Title RICS to revamp standards in back to basics campaign
260 ## - PUBLICATION, DISTRIBUTION, ETC.
Date of publication, distribution, etc. 2005
490 ## - SERIES STATEMENT
Series statement QS News
Volume/sequential designation 12 August 2005, 5(1)
520 ## - SUMMARY, ETC.
Summary, etc. The RICS construction faculty plans to put itself back at the heart of the industry by concentrating on measurement methods, in particular the fundamentals of cost and value. Initiatives in the pipeline include a new standard method of measurement, a new standard for measuring railway building costs, a new approach to PFI procurement and an overhaul of the APC.
590 ## - LOCAL NOTE (RLIN)
Local note IKA300805
690 ## - LOCAL SUBJECT ADDED ENTRY--TOPICAL TERM (OCLC, RLIN)
Topical term or geographic name as entry element ABOUT RICS-RICS STRUCTURE AND GOVERNANCE-RICS FACULTIES AND FORUMS-RICS FACULTIES AND FORUMS STAFF-RICS BUILT ENVIRONMENT GROUP
942 ## - ADDED ENTRY ELEMENTS (KOHA)
Suppress in OPAC 0
Holdings
Withdrawn status Lost status Source of classification or shelving scheme Damaged status Not for loan Home library Current library Shelving location Date acquired Total Checkouts Full call number Barcode Date last seen Copy number Price effective from Koha item type
    Dewey Decimal Classification     London London Journal article 19/08/2005   L130633 130633-1001 06/08/2019 1 06/08/2019 Journal article